000 02372cam a22004814i 4500
003 PE-LiUPU
005 20250731173417.0
008 150706s r 000 0 d
020 _a9780758613073
035 _a(Sirsi) i9780758613073
040 _aPE-LiUPU
_bspa
_cPE-LiUPU
_erda
049 _aPRUA
082 0 4 _a220
_bCC
_221
100 1 _aBustamante, Roberto E.,
_eautor.
245 1 0 _aSegunda carta a Timoteo /
_cRoberto E. Bustamante.
264 1 _aSaint Louis, Missouri, U:S:A. :
_bConcordia,
_c2007.
300 _a524 páginas :
_bilustraciones ;
_c24 cm.
336 _atext
_2rdacontent
337 _aunmediated
_2rdamedia
338 _avolume
_2rdacarrier
490 0 _aComentario Concordia
504 _aIncluye bibliografía.
505 0 _aIntroducción al comentario a las cartas a Timoteo y a Tito -- Timoteo a vuelo de pájaro -- 2 Ti 1:1-2 / párrafo 1 - apertura de la carta -- 2 Ti1:3-5 / párrafo 2 - Acción de gracias -- 2 Ti 1:6-14 / párrafo 3 - hacerlo en el poder de Dios -- 2 Ti 1:15-18 / párrafo 4 - se bifurca el camino -- 2 Ti 2:1-13 / párrafo 5 - Confrontar los "pequeños peligros" -- 2 Ti2:14-26 / párrafo 6 - distancia y ataque -- 2 Ti3:1-9 / párrafo 7 - el camino de los oponentes -- 2 Ti 3:10-17 / párrafo 8 - el camino de Timoteo -- 2 Ti 4:1-5 párrafo 9 - cumplir en forma total -- 2 Ti4:6-8 / párrafo 10 - ya he completado el recorrido -- 2 Ti 4:9-18 párrafo 11 - apresúrate a venir -- 2 Ti 4:19-21 / párrafo 12 - saludos finales -- 2 Ti 4:22 - párrafo 13 - cierre de la carta.
526 _aSEG42
526 _aSEG41
526 _aSEG40
526 _aSEG39
526 _aP94
526 _aP87
526 _aP86
526 _aP85
526 _aP77
526 _aP76
526 _aP35
541 _g001-0000567;
630 _aBiblia.
_pN.T.
_pTimoteo II
_vComentarios.
910 _agl
_bjv
_clch
_d20120529
942 _2ddc
_cBOOK
949 _a220 CC 55
_wDEWEY
_c1
_i64716
_lCCODEBUL1
_mBUL
_p30.00
_r0
_sY
_tBOOK
_u2015-7-6
_xTEOLOGIA
_PP35
_o.STAFF. Colección General
994 _aC0
_bPEPRU
596 _a1
999 _a220 CC 55
_wDEWEY
_c53417
_i64716
_f2021-11-9
_g5
_lCCODEBUL1
_mBUL
_p30.00
_r0
_sY
_tBOOK
_u2015-7-6
_xTEOLOGIA
_PP35
_0COMPRA
_o.STAFF. Colección General
_d53417
980 _81
_gALBERTO SANCHEZ Responsable de Automatización